[Event "Challenge"]
[Site "http://www.queenalice.com/game.php?id=1760650"]
[Date "2021.5.27"]
[Round "-"]
[White "TheWatcher"]
[Black "Jarowit_1"]
[Result "1-0"]
[WhiteElo "2210"]
[BlackElo "2498"]

1. e4 e6 2. d4 d5 3. Nd2 Nf6 4. e5 Nfd7 5. Ngf3 Nc6 6. c3 f6 7. Bb5 fxe5 8. Bxc6
bxc6 9. dxe5 Ba6 10. Qa4 Bb5 11. Qg4 Nc5 12. c4 dxc4 13. O-O Qd3 14. Nd4 1-0

[Event "AUTO-ELITE-2340"]
[Site "http://www.queenalice.com/game.php?id=1761705"]
[Date "2021.6.8"]
[Round "1"]
[White "BEBADO"]
[Black "Jarowit_1"]
[Result "0-1"]
[WhiteElo "2346"]
[BlackElo "2488"]

1. e4 e6 2. d4 d5 3. Nc3 Bb4 4. e5 c5 5. a3 Bxc3+ 6. bxc3 Ne7 7. Qg4 Qa5 8. Bd2
O-O 9. Bd3 Nbc6 10. Nf3 f6 11. exf6 Rxf6 12. Qh4 h6 13. dxc5 Qxc5 14. O-O e5 15.
Be2 e4 16. Nd4 Nxd4 17. cxd4 Qxc2 18. Rfd1 Nf5 0-1

[Event "AUTO-ELITE-2340"]
[Site "http://www.queenalice.com/game.php?id=1761706"]
[Date "2021.6.8"]
[Round "1"]
[White "Jarowit_1"]
[Black "BEBADO"]
[Result "1/2-1/2"]
[WhiteElo "2497"]
[BlackElo "2294"]

1. d4 Nf6 2. c4 e6 3. Nc3 Bb4 4. Qc2 O-O 5. Nf3 c5 6. e3 b6 7. dxc5 bxc5 8. Be2
Bb7 9. O-O Qe7 10. b3 d6 11. Bb2 Nc6 12. Rad1 Rfd8 13. Ng5 Ne5 14. Nge4 Nxe4 15.
Nxe4 Ng6 16. f4 f5 17. Ng3 Rf8 18. Bf3 Rad8 19. Bxb7 1/2-1/2

[Event "AUTO-ELITE-2340"]
[Site "http://www.queenalice.com/game.php?id=1761713"]
[Date "2021.6.8"]
[Round "1"]
[White "Jarowit_1"]
[Black "mascarade"]
[Result "1-0"]
[WhiteElo "2532"]
[BlackElo "2424"]

1. d4 d5 2. c4 dxc4 3. e4 e5 4. Nf3 exd4 5. Qxd4 Qxd4 6. Nxd4 Bc5 7. Be3 Nf6 8.
f3 Nbd7 9. Bxc4 Ne5 10. Be2 c6 11. Nc3 h5 12. Rd1 O-O 13. O-O Re8 14. Nf5 Bxe3+
15. Nxe3 Kf8 16. Rd6 Ke7 17. Rfd1 g5 18. g3 Ng6 19. Nf5+ Bxf5 20. exf5 Nf8 21.
Bc4 N8h7 22. Ne4 a5 23. Nc5 b5 24. Be2 Rac8 25. Nb7 g4 26. Nxa5 Ra8 27. Nxc6+
Kf8 28. Bxb5 Rxa2 29. Nb4 Rxb2 30. Bxe8 Ng5 31. Bc6 gxf3 32. R6d2 Rxb4 33. Rd3
Nh3+ 34. Kf1 Ng4 35. Bxf3 Nxh2+ 36. Kg2 Nxf3 37. Rxf3 Ng5 38. f6 Rb2+ 39. Rf2
Rxf2+ 40. Kxf2 Ne4+ 41. Ke3 Nxf6 42. Kf4 Kg7 43. Kf5 Nh7 44. Rd4 Nf8 45. Rh4 Ng6
46. Rh2 Ne7+ 47. Kg5 Ng8 48. Rxh5 1-0

[Event "AUTO-ELITE-2340"]
[Site "http://www.queenalice.com/game.php?id=1761714"]
[Date "2021.6.8"]
[Round "1"]
[White "mascarade"]
[Black "Jarowit_1"]
[Result "0-1"]
[WhiteElo "2296"]
[BlackElo "2506"]

1. Nf3 d5 2. d4 c5 3. e3 e6 4. Be2 Nf6 5. O-O Nbd7 6. c4 dxc4 7. dxc5 Bxc5 8.
Bxc4 O-O 9. Nc3 b6 10. a3 Bb7 11. b4 Be7 12. Bb2 a6 13. Qe2 b5 14. Bd3 Rc8 15.
Rac1 Bxf3 16. Qxf3 Ne5 17. Bxh7+ Kxh7 18. Qb7 Rb8 19. Qa7 Nc6 20. Qxa6 Rb6 0-1

[Event "AUTO-ELITE-2303"]
[Site "http://www.queenalice.com/game.php?id=1764570"]
[Date "2021.7.17"]
[Round "2"]
[White "Rhavstur"]
[Black "Jarowit_1"]
[Result "0-1"]
[WhiteElo "2410"]
[BlackElo "2518"]

1. Nf3 d5 2. g3 g6 3. Bg2 Bg7 4. d4 Nf6 5. c4 O-O 6. cxd5 Nxd5 7. O-O c5 8. e4
Nf6 9. e5 Nd5 10. dxc5 Na6 11. Qd4 Ndb4 12. Qh4 Nc2 13. Bg5 Re8 14. Nc3 Nxa1 15.
Rxa1 Nxc5 16. Rd1 Bd7 17. Nd5 Bf8 18. b4 Ne6 19. Bh3 Bc6 20. Bxe6 fxe6 0-1

[Event "AUTO-ELITE-2303"]
[Site "http://www.queenalice.com/game.php?id=1764571"]
[Date "2021.7.17"]
[Round "2"]
[White "Jarowit_1"]
[Black "Rhavstur"]
[Result "1-0"]
[WhiteElo "2511"]
[BlackElo "2484"]

1. d4 Nf6 2. c4 e6 3. Nc3 Bb4 4. Qc2 d5 5. cxd5 Qxd5 6. Nf3 Qf5 7. Qxf5 exf5 8.
a3 Bd6 9. Nb5 Be6 10. Nxd6+ cxd6 11. Bf4 Ke7 12. e3 Nbd7 13. Bd3 Rac8 14. Ng5 h6
15. Nxe6 fxe6 16. Bg3 Nh5 17. Ke2 Rc7 18. Bh4+ g5 19. Bg3 Nb6 20. Rac1 Rxc1 21.
Rxc1 Rc8 22. Rxc8 Nxc8 23. d5 1-0

[Event "AUTO-ELITE-2303"]
[Site "http://www.queenalice.com/game.php?id=1764572"]
[Date "2021.7.17"]
[Round "2"]
[White "trompmaster"]
[Black "Jarowit_1"]
[Result "0-1"]
[WhiteElo "2439"]
[BlackElo "2502"]

1. d3 d5 2. Nd2 Nc6 3. e4 Nf6 4. Be2 e5 5. c3 a5 6. a4 g6 7. h3 Bg7 8. Qb3 b6 9.
Ngf3 Ba6 10. O-O dxe4 11. Ng5 Qd5 12. Ngxe4 Qxb3 13. Nxf6+ Bxf6 14. Nxb3 O-O-O
15. Rd1 Ne7 16. c4 Rhe8 17. Nd2 Nf5 18. Ne4 Be7 19. Nc3 Nd4 20. Bf1 Bb7 21. Rb1
Nb3 22. Be3 f5 23. g3 g5 24. Bg2 f4 25. Bc1 Rf8 26. g4 Bxg2 27. Kxg2 Rd4 28. Nb5
Rd7 29. Nc3 Bb4 30. Kf3 Rfd8 31. Ke2 h5 32. gxh5 Rh7 33. Kf3 Rxh5 34. Kg4 Rh4+
35. Kxg5 Be7+ 36. Kg6 Rd6+ 37. Kf7 Rhh6 38. Ne4 Rd7 0-1

[Event "AUTO-ELITE-2303"]
[Site "http://www.queenalice.com/game.php?id=1764573"]
[Date "2021.7.17"]
[Round "2"]
[White "Jarowit_1"]
[Black "trompmaster"]
[Result "0-1"]
[WhiteElo "2519"]
[BlackElo "2408"]

1. d4 d6 2. e4 Nf6 3. Nc3 Nbd7 4. Nf3 e5 5. Bc4 Be7 6. O-O c6 7. a4 a5 8. Re1 h6
9. h3 O-O 10. Ba2 Nh7 11. Be3 Ng5 12. Nd2 exd4 13. Bxd4 Nc5 14. f4 Nge6 15. Be3
Bh4 16. f5 Bxe1 17. Qxe1 Ng5 18. Qg3 Qf6 19. h4 Ngxe4 20. Ndxe4 Nxe4 21. Nxe4
Qxb2 22. Rf1 Qe5 23. Qxe5 dxe5 24. g4 b5 25. g5 Kh7 26. g6+ Kh8 27. gxf7 Ba6 28.
f6 h5 29. fxg7+ Kxg7 30. Rf6 Rh8 31. Bh6+ Rxh6 0-1

[Event "AUTO-ELITE-2318"]
[Site "http://www.queenalice.com/game.php?id=1767411"]
[Date "2021.8.20"]
[Round "2"]
[White "Jarowit_1"]
[Black "Rhavstur"]
[Result "1-0"]
[WhiteElo "2524"]
[BlackElo "2404"]

1. d4 Nf6 2. c4 e6 3. Nc3 Bb4 4. Qc2 d5 5. cxd5 exd5 6. Bg5 h6 7. Bxf6 Qxf6 8.
Nf3 O-O 9. e3 Bf5 10. Bd3 Bxd3 11. Qxd3 Nd7 12. O-O c6 13. a3 Bxc3 14. Qxc3 a5
15. b4 1-0

[Event "AUTO-ELITE-2332"]
[Site "http://www.queenalice.com/game.php?id=1767706"]
[Date "2021.8.23"]
[Round "2"]
[White "Sexxy_Bunny"]
[Black "Jarowit_1"]
[Result "1-0"]
[WhiteElo "2778"]
[BlackElo "2538"]

1. e4 e6 2. d4 d5 3. Nc3 Bb4 4. e5 c5 5. a3 Bxc3+ 6. bxc3 Ne7 7. Qg4 Qa5 8. Bd2
O-O 9. Bd3 Nbc6 10. Nf3 f6 11. exf6 Rxf6 12. Qh5 Nf5 13. g4 c4 14. gxf5 cxd3 15.
Rg1 Bd7 16. Qg5 Rf7 17. f6 Qd8 18. Ne5 Nxe5 19. dxe5 dxc2 20. Be3 Rc8 21. Bd4
Qa5 22. Qh6 g6 23. Qd2 Ba4 24. h4 Kh8 25. h5 gxh5 26. f4 Qa6 27. Qe3 Bd7 28. Kd2
Qc4 29. Rac1 b6 30. f5 h4 31. Rg2 Qb3 32. Qh6 Rg8 33. Rxg8+ 1-0

[Event "AUTO-ELITE-2332"]
[Site "http://www.queenalice.com/game.php?id=1767707"]
[Date "2021.8.23"]
[Round "2"]
[White "Jarowit_1"]
[Black "Sexxy_Bunny"]
[Result "0-1"]
[WhiteElo "2535"]
[BlackElo "2768"]

1. d4 Nf6 2. c4 e6 3. Nc3 Bb4 4. Qc2 O-O 5. Nf3 c5 6. dxc5 Na6 7. g3 Nxc5 8. Bg2
Nce4 9. Bd2 Nxd2 10. Nxd2 a6 11. O-O Qc7 12. Rfc1 Rb8 13. Rab1 b6 14. Qd3 h6 15.
h3 Rd8 16. a3 Be7 17. b4 d6 18. e3 Bb7 19. Rc2 Bxg2 20. Kxg2 Rbc8 21. Rbc1 Qb7+
22. e4 Rc7 23. Ne2 Nd7 24. f4 Qa8 25. Re1 Bf6 26. Rcc1 a5 27. Rc2 axb4 28. axb4
Ra7 29. Rb1 Nb8 30. Qe3 Ra4 31. Nc3 Bxc3 32. Qxc3 e5 33. Rcc1 Ra3 34. Rb3 Ra7
35. Qd3 Nd7 36. Rcc3 Qb8 37. Qe3 Nf6 38. Ra3 exf4 39. Qxf4 Re7 40. b5 Rde8 41.
Re3 Qb7 0-1

[Event "AUTO-ELITE-2269"]
[Site "http://www.queenalice.com/game.php?id=1768659"]
[Date "2021.9.3"]
[Round "2"]
[White "jotu"]
[Black "Jarowit_1"]
[Result "1-0"]
[WhiteElo "2403"]
[BlackElo "2517"]

1. e4 e6 2. d4 d5 3. Nc3 Bb4 4. e5 c5 5. a3 Bxc3+ 6. bxc3 Ne7 7. Qg4 Qa5 8. Bd2
O-O 9. Bd3 Nbc6 10. Nf3 f6 11. exf6 Rxf6 12. Qh5 Nf5 13. dxc5 Qxc5 14. O-O Qd6
15. c4 Bd7 16. Rfe1 Raf8 17. cxd5 exd5 18. Rab1 b6 19. Bb4 Nxb4 20. axb4 h6 21.
Ne5 Bc8 22. f4 b5 23. Ng4 1-0

[Event "AUTO-ELITE-2269"]
[Site "http://www.queenalice.com/game.php?id=1768660"]
[Date "2021.9.3"]
[Round "2"]
[White "Jarowit_1"]
[Black "jotu"]
[Result "0-1"]
[WhiteElo "2528"]
[BlackElo "2389"]

1. d4 Nf6 2. c4 g6 3. Nc3 Bg7 4. e4 d6 5. Nf3 O-O 6. Be2 e5 7. O-O Nc6 8. d5 Ne7
9. Nd2 a5 10. Rb1 Nd7 11. a3 f5 12. b4 Kh8 13. Qc2 Ng8 14. f3 Ngf6 15. Bd3 f4
16. Be2 Rf7 17. Nb3 axb4 18. axb4 Bf8 19. Bb2 Rg7 20. Ra1 Rxa1 21. Rxa1 g5 22.
Nb5 g4 23. c5 gxf3 0-1

[Event "AUTO-ELITE-2269"]
[Site "http://www.queenalice.com/game.php?id=1768663"]
[Date "2021.9.3"]
[Round "2"]
[White "Jarowit_1"]
[Black "grotegeest"]
[Result "0-1"]
[WhiteElo "2507"]
[BlackElo "2785"]

1. d4 Nf6 2. c4 g6 3. Nc3 Bg7 4. e4 d6 5. Nf3 O-O 6. Be2 e5 7. O-O Nc6 8. d5 Ne7
9. Nd2 a5 10. a3 Nd7 11. Rb1 f5 12. b4 Kh8 13. f3 Ng8 14. Qc2 Ngf6 15. Bd3 f4
16. Nb5 b6 17. Bb2 Ne8 18. Be2 h5 19. c5 bxc5 20. bxc5 Nxc5 0-1

[Event "AUTO-ELITE-2269"]
[Site "http://www.queenalice.com/game.php?id=1768664"]
[Date "2021.9.3"]
[Round "2"]
[White "grotegeest"]
[Black "Jarowit_1"]
[Result "1-0"]
[WhiteElo "2775"]
[BlackElo "2549"]

1. e4 e6 2. d4 d5 3. Nc3 Bb4 4. e5 c5 5. a3 Bxc3+ 6. bxc3 Ne7 7. Qg4 Qa5 8. Bd2
O-O 9. Bd3 Nbc6 10. Nf3 f6 11. exf6 Rxf6 12. Qh5 Nf5 13. c4 Qa4 14. g4 dxc4 15.
Be4 c3 16. Bg5 Rg6 17. gxf5 exf5 18. Bd5+ 1-0

[Event "AUTO-ELITE-2301"]
[Site "http://www.queenalice.com/game.php?id=1773077"]
[Date "2021.10.24"]
[Round "2"]
[White "pt58"]
[Black "Jarowit_1"]
[Result "0-1"]
[WhiteElo "2565"]
[BlackElo "2541"]

1. e4 e6 2. d4 d5 3. Nc3 dxe4 4. Nxe4 Nd7 5. Ng5 c6 6. Bd3 Ngf6 7. N1f3 Bd6 8.
Qe2 h6 9. Ne4 Nxe4 10. Qxe4 Qc7 11. Qg4 Kf8 12. O-O b6 13. b3 Bb7 14. Bb2 Nf6
15. Qh3 Nd5 16. g3 Rd8 17. c4 Nf6 18. Rad1 h5 19. Rfe1 Bb4 0-1

[Event "AUTO-ELITE-2301"]
[Site "http://www.queenalice.com/game.php?id=1773078"]
[Date "2021.10.24"]
[Round "2"]
[White "Jarowit_1"]
[Black "pt58"]
[Result "1-0"]
[WhiteElo "2532"]
[BlackElo "2574"]

1. d4 Nf6 2. c4 e6 3. Nc3 Bb4 4. Qc2 O-O 5. Nf3 d5 6. e3 c5 7. a3 Bxc3+ 8. bxc3
Nc6 9. Bd3 Na5 10. Nd2 Qc7 11. O-O Bd7 12. dxc5 Ng4 13. g3 dxc4 14. Nxc4 Nxc4
15. Bxc4 Qxc5 16. Be2 Qh5 17. h4 Bc6 18. e4 Rad8 19. Rd1 1-0